| 000 | 00586nam a2200217Ia 4500 | ||
|---|---|---|---|
| 005 | 20241129104211.0 | ||
| 008 | 241129s9999||||xx |||||||||||||| ||und|| | ||
| 020 | _a9781408845165 | ||
| 037 | _aTextual | ||
| 040 |
_aRTL _beng _cRTL |
||
| 041 |
_aeng _2eng |
||
| 084 |
_aY15:3(W:5).1 Q4 _qRTL |
||
| 100 | _aRose Jacqueline | ||
| 245 | 0 |
_aWomen in dark times _cRose Jacqueline |
|
| 260 |
_aLondon _bBloomsbury _c2014 |
||
| 300 | _axii,339p. | ||
| 365 |
_aINR _b1514.89 |
||
| 650 | _aGender Studies | ||
| 942 |
_cTB _hY15:3(W:5).1 Q4 |
||
| 999 |
_c1224850 _d1224850 |
||